header

SOCIOLOGY: a down to earth approach (Record no. 251242)

MARC details
000 -LEADER
fixed length control field 00277nam a22001217a 4500
020 ## - INTERNATIONAL STANDARD BOOK NUMBER
ISBN 9780205230969
100 ## - MAIN ENTRY--AUTHOR NAME
Personal name HENSLIN JAMES M
245 ## - TITLE STATEMENT
Title SOCIOLOGY: a down to earth approach
250 ## - EDITION STATEMENT
Edition statement 11th ed
260 ## - PUBLICATION, DISTRIBUTION, ETC. (IMPRINT)
Place of publication BOSTON
Name of publisher PEARSON
Year of publication 2012
300 ## - PHYSICAL DESCRIPTION
Number of Pages 657
Other physical details ILL
942 ## - ADDED ENTRY ELEMENTS (KOHA)
Koha item type Long Loan Books
Holdings
Withdrawn status Lost status Collection code Home library Current library Shelving location Date acquired Full call number Accession Number Koha item type
    Non-fiction Rongo University Library Rongo University Library General Stacks 12/11/2015 HM586 .H45 2012 20090353 Long Loan Books
    Non-fiction Rongo University Library Rongo University Library General Stacks 29/05/2017 HM586.S63 2007 20169928 Long Loan Books

© 2026 Rongo University
Contact us: librarian | system librarian | Rongo university